000 00716nam a2200253Ia 4500
003 OSt
005 20221006152637.0
006 a|||||r|||| 00| 0
007 ta
008 221006b |||||||| |||| 00| 0 chi d
024 _a29,167
037 _bGift, PRC
_cTextual
040 _aEASL
_cEASL
_bchi
041 _2chi
_achi
082 _aO41,3x, P3.1-.2
100 _aWANG Jian Guo Ed.
_9661298
245 0 _aZhong hua zhuan tong heide
260 _aBeijing
_bRenmin jiaoyu chubanshe China
_c2003
300 _a163p.
_ccm.
490 _v 1
700 _a QIAN Xun Ed.
_9661299
942 _hO41,3x, P3.1-.2
_cTEXL
_2CC
999 _c1097253
_d1097253